000 00651nam a2200181Ia 4500
008 100921s9999 xx 000 0 und d
082 _b32698
_a891.463 न 00
100 _aगुजर अनिल.
245 _aखोटा तिचा खेळ.
260 _bस्वप्न प्रकाशन, पुणे.
_c2000
300 _a301
_bशांती पब्लिकेशन,पुणे
365 _b190
520 _aललित-कादंबरी.
630 _aखोटा तिचा खेळ.
650 _aललित-कादंबरी.
730 _aखोटा तिचा खेळ.
942 _cBOOK
999 _c781811
_d781808